Management works contractor/employer agreement (Record no. 107948)
[ view plain ]
| 000 -LEADER | |
|---|---|
| fixed length control field | 00873cam a22002775a 4500 |
| 005 - DATE AND TIME OF LATEST TRANSACTION | |
| control field | 20240228160840.0 |
| 008 - FIXED-LENGTH DATA ELEMENTS--GENERAL INFORMATION | |
| fixed length control field | 080229s2008 xxk f 000 0 eng d |
| 020 ## - INTERNATIONAL STANDARD BOOK NUMBER | |
| International Standard Book Number | 9780418828700 |
| 035 ## - SYSTEM CONTROL NUMBER | |
| System control number | (Sirsi) u142703 |
| 041 0# - LANGUAGE CODE | |
| Language code of text/sound track or separate title | eng |
| 050 04 - LIBRARY OF CONGRESS CALL NUMBER | |
| Classification number | 692.8 $2 18 |
| 110 2# - MAIN ENTRY--CORPORATE NAME | |
| Corporate name or jurisdiction name as entry element | Joint Contracts Tribunal |
| 9 (RLIN) | 3664 |
| 240 ## - UNIFORM TITLE | |
| Uniform title | MBC 2008 |
| 245 00 - TITLE STATEMENT | |
| Title | Management works contractor/employer agreement |
| Remainder of title | MCWC/E |
| 246 ## - VARYING FORM OF TITLE | |
| Title proper/short title | MCWC/E |
| 260 ## - PUBLICATION, DISTRIBUTION, ETC. | |
| Place of publication, distribution, etc. | London |
| Name of publisher, distributor, etc. | Sweet and Maxwell |
| Date of publication, distribution, etc. | 2008 |
| 300 ## - PHYSICAL DESCRIPTION | |
| Extent | ii, 17p. |
| Dimensions | 30cm. |
| 350 ## - PRICE (NR) (BK AM CF MU VM SE) [OBSOLETE] | |
| Price | 18.95 |
| 490 #0 - SERIES STATEMENT | |
| Series statement | JCT Contracts 2008 |
| 505 2# - FORMATTED CONTENTS NOTE | |
| Formatted contents note | Management works/contractor employer agreement -- Attestation -- Guidance notes |
| 521 2# - TARGET AUDIENCE NOTE | |
| Target audience note | Advanced |
| 650 24 - SUBJECT ADDED ENTRY--TOPICAL TERM | |
| Topical term or geographic name entry element | JCT MANAGEMENT WORKS CONTRACTOR/EMPLOYER AGREEMENT (2008 EDITION) |
| 650 24 - SUBJECT ADDED ENTRY--TOPICAL TERM | |
| Topical term or geographic name entry element | JCT MANAGEMENT BUILDING CONTRACT (2008 EDITION) |
| 651 #4 - SUBJECT ADDED ENTRY--GEOGRAPHIC NAME | |
| Geographic name | United Kingdom |
| 942 ## - ADDED ENTRY ELEMENTS (KOHA) | |
| Suppress in OPAC | 0 |
| Source of classification or shelving scheme | Dewey Decimal Classification |
| Withdrawn status | Lost status | Damaged status | Not for loan | Home library | Current library | Shelving location | Date acquired | Cost, normal purchase price | Total Checkouts | Full call number | Barcode | Date last seen | Copy number | Cost, replacement price | Price effective from | Koha item type |
|---|---|---|---|---|---|---|---|---|---|---|---|---|---|---|---|---|
| London | London | Boxed set | 29/02/2008 | 18.95 | JCT 2008/16 | 30072677 | 28/02/2024 | 1 | 18.95 | 06/08/2019 | Reference material |